000 01455cam a2200349 4500
001 WS114706
008 010921n 000 0 eng u
035 _a(Sirsi) u114706
110 _aEuropean Property Federation
_94138
245 _aEuropean Property Federation
520 _aWeb site for this organisation which describes itself as 'a pan-European body representing all aspects of property ownership and investment in the countries of its members, from residential landlords to the property interests of institutional investors'. Includes pages on accounting standards, competition, construction, health and safety, energy, environment, European Court of Justice, housing and financial services.
650 _aEUROPE
650 _aINTERNATIONAL
650 _aORGANISATION
650 _aFERERATION EUROPEENE DE LA PROPRIETE IMMOBILIERE
650 _aACCOUNTING STANDARDS
650 _aCHARTER OF FUNDAMENTAL RIGHTS
650 _aCOMPETITION
650 _aBUILT ENVIRONMENT
650 _aENERGY
_96237
650 _aEnvironment
_96238
650 _aEUROPEAN COURT OF JUSTICE
650 _aEU ENLARGEMENT
650 _aFINANCIAL SERVICES
650 _aHEALTH AND SAFETY
_96244
650 _aHOUSING
650 _aTAXATION
650 _aTRANSPORT
690 _aMANAGEMENT-BUSINESS MANAGEMENT-PROFESSIONAL PRACTICE
856 4 0 _uhttps://www.epf-fepi.com
_zView the website free of charge at www.epf.fepi.com...
942 _n0
999 _c119905
_d119905